000 00483nam a22001697a 4500
003 BD-ChCU
005 20260115090216.0
008 260115b bg ||||| |||| 00| 0 ben d
040 _cBD-ChCU
082 _a181.4092 SUE
100 _aSurama Dasgupta .
_919259
245 _aAn ever - expanding quest of life and knowledge . /
_cDasgupta Surama .
260 _aNew Delhi :
_bOrient Longman ,
_cC 1971
300 _axii , 290p
650 0 _aBiography .
_919261
942 _2ddc
_cBK
_n0
999 _c111052
_d111052